000
00213 a2200097 4500
001
13501
100
_a
Terrill R
245
_a
The future of china
260
_a
London
_b
Andre deutsch ltd
_c
090
_c
10505
_d
10505
942
_a
NUST-CAE
_c
M
_c
565
999
_c
248574
_d
248574